Hauptstadt von... - Statistiken

Allgemein
  • Dieses Quiz wurde 253 mal gespielt
    243 seit der letzten Aktualisierung
  • Das Durchschnittsergebnis liegt bei 13 aus 15
Antwortstatistiken
Hint Antwort % Korrekt
Finnland Helsinki
97%
Norwegen Oslo
96%
Ägypten Kairo
95%
USA Washington
95%
China Peking
94%
Ungarn Budapest
93%
1+1=? 2
89%
Peru Lima
89%
Iran Teheran
85%
Chile Santiago
83%
Kolumbien Bogota
82%
Mongolei Ulaan-Baatar
76%
Senegal Dakar
66%
Jordanien Amman
61%
Angola Luanda
56%
Keine übereinstimmenden Quizze gefunden
Verteilung der Resultate
Anzahl Personen mit jedem Resultat
Perzentil nach korrekt beantworteten Fragen
Ihre Resultats-Entwicklung
Sie haben dieses Quiz seit der letzten Aktualisierung nicht gespielt